[Event "BLR-ch sf"]
[Site "Minsk"]
[Date "2023.12.11"]
[Round "5"]
[White "Elyashevich, Zakhar"]
[Black "Boika, Aliaksandr"]
[Result "1-0"]
[WhiteElo "1299"]
[BlackElo "1108"]
[PlyCount "51"]
[EventDate "2023.12.07"]
[EventType "swiss"]
[EventRounds "9"]
[EventCountry "BLR"]
[SourceTitle "CB51_2023"]
[SourceDate "2023.12.20"]
[SourceVersion "1"]
[SourceVersionDate "2023.12.20"]
[SourceQuality "1"]

1. e4 c5 2. c3 g6 3. d4 cxd4 4. cxd4 d5 5. e5 a6 6. Nc3 Bg7 7. g3 Nc6 8. Bg2 e6 9. Nf3 Nge7 10. 0-0 0-0 11. Na4 f6 12. Bf4 Nf5 13. h4 Bd7 14. Bh3 h6 15. Bxf5 exf5 16. Qb3 Bc8 17. Nb6 Rb8 18. exf6 Bxf6 19. Bxb8 Be6 20. Be5 Be7 21. Qe3 Qxb6 22. Qxh6 Nxe5 23. Nxe5 Bf7 24. h5 Qxd4 25. hxg6 Qxe5 26. Qh7# 1-0